Noms des arrondissements de Paris - Statistiques

Statistiques générales
  • Ce quiz a été pris 37 fois
  • Le résultat moyen est 10 sur 19
Statistiques - réponses
Hint Réponse % Correct
1er Louvre
85%
9ème Opéra
77%
4ème Hôtel de Ville
73%
2ème Bourse
65%
6ème Luxembourg
65%
5ème Panthéon
65%
8ème Elysée
62%
16ème Passy
58%
10ème Entrepôt
54%
3ème Temple
54%
19ème Buttes-Chaumont
46%
7ème Palais Bourbon
46%
15ème Vaugirard
46%
14ème Gobelins
42%
11ème Popincourt
42%
12ème Reuilly
42%
20ème Ménilmontant
38%
18ème Buttes-Montmartre
31%
17ème Batignolles-Monceaux
12%
Aucun quiz correspondant
Distribution des résultats
% des personnes avec chaque résultat
Percentile par nombre de réponses
Votre historique - résultats
Vous n’avez pas pris ce quiz